1691 1547 1584 1018 1091 1798 1937 1099 1571 1536 1727 1830 1913 1415 1452 1915 1035 1315 1432 1616 1934 1081 1829 1193 1648 1075 1436 1205 1807 1680 1166 1401 1056 1822 1051 1011 1852 1856 1274 1080 1779 1295 1061 1563 1120 1126 1837 1488 1244 1381 1747 1280 1486 1279 1185 1681 1517 1179 1477 1445 1986 1884 1098 1716 1681 1638 1490 1026 1054 1735 1667 1204 1393 1761 1126 1468 1777 1934 1723 1218 1747 1832 1774 1212 1164 1067 1363 1013 1656 1627 1981 1895 1445 1632 1478 1572 1706 1461 1260 BCNSPRNW ULIB Ver.6.0+V

เปลี่ยนเป็นภาษาไทย

Change to English
 แสดงรายละเอียดบรรณานุกรม
  กลับหน้าหลัก

Brief Record : Get Marc (ISO 2709) : E-mail record : QR code < ปิดหน้าต่าง
LEADER : 00000nam 2200000uu 4500
001    13399114380
003     ULIB
008    120327s2552||||th 000 0 tha d
020    ^a9786110600248
090    ^aนว.^bM314L 2552
100 0  ^aเมย์ 112
245 00 ^aLovey brother แผนรักร้ายของ(พี่)ชายจอมเจ้าเล่ห์/^cเมย์ 112
250    ^aพิมพ์ครั้งที่ 1
260    ^aกรุงเทพฯ :^bแจ่มใส,^c2552
300    ^a195 หน้า
710 1  ^aแจ่มใส
945    ^p149^l0^i15523
995    ^aกัณชพร
999    ^aใช้งานได้ทุกระบบ
รายการนี้ยังไม่มีแท็ก
คุณยังไม่ได้ล็อกอิน คุณสามารถมีกิจกรรมร่วมกับเว็บไซต์ได้ แต่ต้องล็อกอินก่อน ::
  ล็อกอิน

รายการสื่อสารสนเทศ

ลำดับที่ ประเภท เลขเรียก/บาร์โค้ด สถานที่ สถานะ
1. นวนิยาย
นวนิยาย
นว. M314L 2552  
  Barcode: 15523
ห้องสมุดวิทยาเขตนครสวรรค์
►นวนิยาย:l:Fiction
บนชั้น

รายการใกล้เคียง
    ผู้แต่ง [เมย์ 112]

BibComment


ยังไม่เคยถูกคอมเมนท์

คอมเมนท์ทรัพยากรรายการนี้
  คอมเมนท์: Lovey brother แผ..


 Copyright 2026. Bcnsprnw @Library